Normas para la confección y presentación de planos y diagramas de proceso de la industria química
Wedi'i Gadw mewn:
| Prif Awdur: | |
|---|---|
| Fformat: | Llyfr |
| Cyhoeddwyd: |
San José, Costa Rica
1991
|
| Pynciau: | |
| Tagiau: |
Ychwanegu Tag
Dim Tagiau, Byddwch y cyntaf i dagio'r cofnod hwn!
|
MARC
| LEADER | 00000nam a2200000Ia 4500 | ||
|---|---|---|---|
| 003 | 005408 | ||
| 005 | 20221231144327.0 | ||
| 008 | 140114s1991 cr a m 000 ||s d | ||
| 040 | |c cru CEDI | ||
| 090 | |a TFG 2476 | ||
| 100 | |a Avalos Monge, Mauricio |9 12691 | ||
| 245 | |a Normas para la confección y presentación de planos y diagramas de proceso de la industria química | ||
| 260 | |c 1991 |a San José, Costa Rica | ||
| 300 | |a xix, [298] hojas : ilustraciones (algunas plegables) ; 29 cm. | ||
| 500 | |a Proyecto de graduación(licenciatura en ingeniería química)--Universidad de Costa Rica. Facultad de Ingeniería. Escuela de Ingeniería Química | ||
| 650 | |x DISEÑO EN INGENIERIA |x INDUSTRIAS QUIMICAS |x METODOS GRAFICOS |9 12692 | ||
| 942 | |c TFG | ||
| 999 | |c 20206 |d 20206 | ||
